[Event "Coria del Rio op"]
[Site "Coria del Rio"]
[Date "1995.??.??"]
[Round "4"]
[White "De Toledo, A."]
[Black "Fernandez Diaz, Antonio Maria"]
[Result "0-1"]
[WhiteElo "2175"]
[BlackElo "2040"]
[PlyCount "68"]
[EventDate "1995.??.??"]
[EventType "swiss"]
[EventRounds "9"]
[EventCountry "ESP"]
[SourceTitle "EXT 1997"]
[Source "ChessBase"]
[SourceDate "1996.11.15"]
[SourceVersion "1"]
[SourceVersionDate "1996.11.15"]
[SourceQuality "1"]

1. e4 e5 2. Nf3 Nc6 3. Be2 Nf6 4. d3 g6 5. 0-0 Bg7 6. c3 0-0 7. Qc2 d6 8. Rd1 Qe7 9. Nbd2 Nh5 10. Nc4 Nf4 11. Ne3 Kh8 12. g3 Nxe2+ 13. Qxe2 f6 14. Ne1 Be6 15. N1g2 f5 16. f3 Qf7 17. Nh4 f4 18. gxf4 exf4 19. d4 Ne7 20. Nc2 g5 21. Ng2 Ng6 22. Kh1 g4 23. Rf1 Bc4 24. Qd1 Bxf1 25. Qxf1 g3 26. Bd2 Qe6 27. Nge1 Nh4 28. d5 Qh6 29. Nd4 Bxd4 30. cxd4 Rg8 31. Qh3 gxh2 32. Qxh2 Rg3 33. Nd3 Rag8 34. Bxf4 Nxf3 0-1

[Event "Coria del Rio op"]
[Site "Coria del Rio"]
[Date "1995.??.??"]
[Round "9"]
[White "Komljenovic, Davorin"]
[Black "De Toledo, A."]
[Result "1/2-1/2"]
[WhiteElo "2465"]
[BlackElo "2175"]
[PlyCount "28"]
[EventDate "1995.??.??"]
[EventType "swiss"]
[EventRounds "9"]
[EventCountry "ESP"]
[SourceTitle "EXT 1997"]
[Source "ChessBase"]
[SourceDate "1996.11.15"]
[SourceVersion "1"]
[SourceVersionDate "1996.11.15"]
[SourceQuality "1"]

1. c4 Nf6 2. Nf3 g6 3. d4 c5 4. d5 b5 5. cxb5 a6 6. b6 Qxb6 7. Nc3 d6 8. h3 Bg7 9. e4 Nbd7 10. Be2 0-0 11. 0-0 Qc7 12. Re1 Rb8 13. Qc2 Ne8 14. Bg5 Ne5 1/2-1/2